000 01234nam2a22002531 4500
001 rc\4731214
005 20250612164017.0
021 _aRU
_b[63-85578]
035 _a(NLR Aleph) 008732995
090 _a9487574
_c9487574
100 _a20130416d1963 |||y0rusy50 ca
101 0 _arus
102 _aRU
105 _aa z |||||
200 0 _aТ. 2
_f[Подготовка текста и примеч. А.Н. Дубовикова
210 _d1963
_aБ. м.
215 _a791 с., 10 л. ил.
461 0 _1001rc\4731212
_12001#$aИз дальних лет$eВоспоминания$f[Вступ. статья, с. 5-46, подготовка текста и примеч. А.Н. Дубовикова]. Т. 1-$vТ. 2
_1700#1$aПассек$bТ.П.$f1810-1889$gТатьяна Петровна
_99487564
_aПассек, Т.П. (1810-1889)
_c[Москва]
_d1963
_f[Вступ. статья, с. 5-46, подготовка текста и примеч. А.Н. Дубовикова]. Т. 1-
_nГослитиздат
_oВоспоминания
_tИз дальних лет
_vТ. 2
702 1 _aДубовикова
_bА.Н.
_4212
801 0 _aRU
_bNLR
_gpsbo
801 1 _aRU
_bELAR
_2rusmarc
852 _aNLR
_j63-3/5212
942 _cBOOK
980 _aNB